000 00909nam a2200241Ia 4500
003 OSt
005 20220923220422.0
006 a|||||r|||| 00| 0
007 ta
008 220922b |||||||| |||| 00| 0 hin d
024 _a186,523
037 _cTextual
040 _aARTS
_cARTS
_bhin
041 _2hin
_ahin
082 _aY:1.255p1N, 152M7
100 _aद्व्विेदी, अयोध्या प्रसाद
_9160981
245 0 _aसंस्कृति स्त्रोतस्विनी नर्मदा
246 _aSanskṛuti strotasvinī narmadā
260 _aभोपाल
_b मध्यप्रदेश हिन्दी ग्रंथ अकादमी
_c1987
300 _a208 पृ.
_ccm.
942 _hY:1.255p1N, 152M7
_cTEXL
_2CC
999 _c339766
_d339766